Vida y obra de Ángel Ganivet [ (Record no. 181395)

MARC details
000 -LEADER
campo de control de longitud fija 00635ntm a2200193 i 4500
001 - NÚMERO DE CONTROL
campo de control 181395
003 - IDENTIFICADOR DE NÚMERO DE CONTROL
campo de control ES-MaACL
005 - FECHA Y HORA DE LA ÚLTIMA TRANSACCIÓN
campo de control 20231205164445.0
008 - DATOS DE LONGITUD FIJA--INFORMACIÓN GENERAL
campo de control de longitud fija 121227q1923 sp |||| |bspa d
100 1# - ENTRADA PRINCIPAL--NOMBRE DE PERSONA
Nombre de persona Fernández Almagro, Melchor,
Fechas asociadas al nombre 1893-1966
9 (RLIN) 49447
245 10 - MENCIÓN DEL TÍTULO
Título Vida y obra de Ángel Ganivet [
Medio Manuscrito] /
Mención de responsabilidad, etc. [Melchor Fernández Almagro].
260 ## - PUBLICACIÓN, DISTRIBUCIÓN, ETC.
Lugar de publicación, distribución, etc. [Madrid :
Nombre del editor, distribuidor, etc. s.n.,
Fecha de publicación, distribución, etc. 1923?]
300 ## - DESCRIPCIÓN FÍSICA
Extensión 300 fol. ;
Dimensiones 16 cm (apais.)
586 ## - NOTA DE PREMIOS
Nota de premios Premio Charro-Hidalgo, 1923
597 ## - NOTA DE DESCRIPCIÓN FÍSICA
NOTA DE DESCRIPCIÓN FÍSICA Ejemplar mecanografiado.
600 14 - PUNTO DE ACCESO ADICIONAL DE MATERIA--NOMBRE DE PERSONA
Nombre de persona Ganivet, Ángel,
Fechas asociadas al nombre 1865-1898
9 (RLIN) 53864
852 4# - LOCALIZACIÓN
Ubicación ES-MaACL
Número de control de estantería B-12216
Holdings
Estatus retirado Estado de pérdida Estado de daño No para préstamo Colección Biblioteca de origen Biblioteca actual Ubicación en estantería Fecha de adquisición Fuente de adquisición Total de préstamos Signatura topográfica completa Código de barras Visto por última vez Precio de reemplazo Tipo de ítem Koha
        Manuscritos Biblioteca del Ateneo de Madrid Biblioteca del Ateneo de Madrid Sala Pardo Bazán 27/12/2012     B-12216 1190633 23/02/2023 23/02/2023 Manuscrito